Élimination par catégorie - pays n°5 - Statistiques

Statistiques générales
  • Ce quiz a été pris 112 010 fois
  • Le résultat moyen est 14 sur 20
Statistiques - réponses
Groupe # Catégorie % Correct
Vert 38 Pays qui commence par une voyelle
100%
Vert 29 ... qui n'est pas enclavé
97%
Orange 151 Pays qui n'est pas en Europe
96%
Orange 67 ... sans vert sur son drapeau
95%
Vert 16 ... qui a au moins 20 millions d'habitants
93%
Orange 26 ... et qui ne contient pas la lettre E
91%
Bleu 98 Pays avec une altitude max. de plus de 2500 m
86%
Bleu 82 ... qui s'écrit en un seul mot
85%
Bleu 65 ... dont la capitale est au nord de l'équateur
84%
Violet 45 Pays qui est enclavé (pas de littoral)
79%
Vert 7 ... et du bleu sur son drapeau
78%
Orange 7 ... dont la capitale est au sud de l'équateur
74%
Vert 1 ... tout en se trouvant en Océanie Australie
74%
Violet 16 ... avec une superficie de moins de 50 000 km²
73%
Violet 10 ... qui contient la lettre E
68%
Bleu 12 ... et qui a moins de 5 millions d'habitants
55%
Violet 3 ... ne se situant pas en Europe
32%
Violet 1 ... et qui commence par une consonne Lesotho
24%
Orange 1 ... et qui ne possède pas de littoral Botswana
20%
Bleu 1 ... dont le drapeau comporte du blanc et du vert Guyana
1%
Aucun quiz correspondant
Distribution des résultats
% des personnes avec chaque résultat
Percentile par nombre de réponses
Votre historique - résultats
Vous n’avez pas pris ce quiz